|
|
|
|
| LEADER |
03825nam a2200757 4500 |
| 001 |
ocn716211171 |
| 003 |
OCoLC |
| 005 |
20170124072337.6 |
| 006 |
m o d |
| 007 |
cr cn||||||||| |
| 008 |
110428s2011 enk ob 001 0 eng d |
| 010 |
|
|
|z 2010038308
|
| 040 |
|
|
|a UIU
|b eng
|e pn
|c UIU
|d DG1
|d EBLCP
|d YDXCP
|d OCLCQ
|d E7B
|d OCLCQ
|d N$T
|d WAU
|d OCLCF
|d OCLCQ
|d NLGGC
|d OCLCQ
|d COO
|d OCLCQ
|d AZK
|d GrThAP
|
| 019 |
|
|
|a 711780408
|a 742333198
|a 961518119
|a 962701398
|
| 020 |
|
|
|a 9781444394047
|q (electronic bk.)
|
| 020 |
|
|
|a 1444394045
|q (electronic bk.)
|
| 020 |
|
|
|a 9781444394023
|q (electronic bk.)
|
| 020 |
|
|
|a 1444394029
|q (electronic bk.)
|
| 020 |
|
|
|a 1444328379
|
| 020 |
|
|
|a 1444328387
|
| 020 |
|
|
|a 9781444328370
|
| 020 |
|
|
|a 9781444328387
|
| 020 |
|
|
|z 9781405185554
|q (alk. paper)
|
| 020 |
|
|
|z 1405185554
|q (alk. paper)
|
| 029 |
1 |
|
|a AU@
|b 000049641626
|
| 029 |
1 |
|
|a DEBBG
|b BV041049174
|
| 029 |
1 |
|
|a DKDLA
|b 820120-katalog:000556379
|
| 029 |
1 |
|
|a HEBIS
|b 299832716
|
| 029 |
1 |
|
|a NZ1
|b 14257169
|
| 029 |
1 |
|
|a DEBBG
|b BV043393071
|
| 035 |
|
|
|a (OCoLC)716211171
|z (OCoLC)711780408
|z (OCoLC)742333198
|z (OCoLC)961518119
|z (OCoLC)962701398
|
| 037 |
|
|
|a 10.1002/9781444394047
|b Wiley InterScience
|n http://www3.interscience.wiley.com
|
| 050 |
|
4 |
|a RC392
|b .C656 2011eb
|
| 060 |
|
4 |
|a WL 344
|
| 072 |
|
7 |
|a HEA
|x 039110
|2 bisacsh
|
| 072 |
|
7 |
|a MED
|x 056000
|2 bisacsh
|
| 082 |
0 |
4 |
|a 616.8/4912
|2 22
|
| 049 |
|
|
|a MAIN
|
| 245 |
0 |
0 |
|a Comorbidity in migraine /
|c edited by Jean Schoenen, David W. Dodick, Peter S. Sandor.
|
| 264 |
|
1 |
|a Chichester, West Sussex, UK :
|b Wiley-Blackwell,
|c 2011.
|
| 300 |
|
|
|a 1 online resource (ix, 142 pages)
|
| 336 |
|
|
|a text
|b txt
|2 rdacontent
|
| 337 |
|
|
|a computer
|b c
|2 rdamedia
|
| 338 |
|
|
|a online resource
|b cr
|2 rdacarrier
|
| 347 |
|
|
|a data file
|2 rda
|
| 380 |
|
|
|a Bibliography
|
| 504 |
|
|
|a Includes bibliographical references and index.
|
| 505 |
0 |
|
|a Psychiatric comorbidity in migraine / Francoise Radat, Amanda Kalaydjian, and Kathleen R. Merikangas -- Migraine and stroke / Tobias Kurth and Hans-Christophe Diener -- Cardiovascular disorders / Ann I. Scher and David W. Dodick -- Patent foramen ovale and migraine / Todd J. Schwedt and Jean Schoenen -- Co-morbidity of migraine and epilepsy / Sheryl Haut, Shira Markowitz, and Richard B. Lipton -- Migraine and other pain disorders / Lars Jacob Stovner, Knut Hagen, and Rami Burstein -- Migraine and medication overuse / Stephen D. Silberstein -- Migraine and other comorbidities : obesity, temporomandibular disorders, and contact points / Marcelo E. Bigal -- Migraine co-morbidities in children / Cicek Wober-Bingol and Andrew Hershey -- Optimal management of migraine taking into account comorbidities and 'positive side effects' / Peter S. Sandor, David W. Dodick, and Jean Schoenen.
|
| 520 |
|
|
|a This book presents a clinically oriented approach to understanding and treating co-morbid migraine. Case vignettes and management algorithms will enhance the clinical utility of the book.
|
| 588 |
0 |
|
|a Print version record.
|
| 650 |
|
0 |
|a Migraine.
|
| 650 |
|
0 |
|a Comorbidity.
|
| 650 |
|
2 |
|a Migraine Disorders
|x epidemiology.
|
| 650 |
|
2 |
|a Comorbidity.
|
| 650 |
|
4 |
|a Medicine.
|
| 650 |
|
7 |
|a HEALTH & FITNESS
|x Diseases
|x Nervous System (incl. Brain)
|2 bisacsh
|
| 650 |
|
7 |
|a MEDICAL
|x Neurology.
|2 bisacsh
|
| 650 |
|
7 |
|a Comorbidity.
|2 fast
|0 (OCoLC)fst00871254
|
| 650 |
|
7 |
|a Migraine.
|2 fast
|0 (OCoLC)fst01020672
|
| 655 |
|
4 |
|a Electronic books.
|
| 700 |
1 |
|
|a Schoenen, Jean.
|
| 700 |
1 |
|
|a Dodick, David.
|
| 700 |
1 |
|
|a Sándor, Peter S.
|
| 776 |
0 |
8 |
|i Print version:
|t Comorbidity in migraine.
|d Chichester, West Sussex, UK : Wiley-Blackwell, 2011
|z 9781405185554
|w (DLC) 2010038308
|w (OCoLC)663370479
|
| 856 |
4 |
0 |
|u https://doi.org/10.1002/9781444394047
|z Full Text via HEAL-Link
|
| 994 |
|
|
|a 92
|b DG1
|